000 00301nam a22001337a 4500
008 170808b xxu||||| |||| 00| 0 eng d
020 _a9780072229523
041 _aeng
080 _a004
100 _a35
101 _aSHKI
245 _aORACLE DATABASE 10G XML & SQL
_cSCARDINA, M
942 _2udc
_cBK
999 _c22914
_d22914